Infants, toddlers, and caregivers / (Record no. 4613)

MARC details
000 -LEADER
fixed length control field 01111pam a2200289 a 4500
001 - CONTROL NUMBER
control field 2106356
005 - DATE AND TIME OF LATEST TRANSACTION
control field 20200827175657.0
008 - FIXED-LENGTH DATA ELEMENTS--GENERAL INFORMATION
fixed length control field 960416s1997 caua b 001 0 eng
010 ## - LIBRARY OF CONGRESS CONTROL NUMBER
LC control number 96020109
020 ## - INTERNATIONAL STANDARD BOOK NUMBER
International Standard Book Number 1559347023 (acidfree paper)
040 ## - CATALOGING SOURCE
Original cataloging agency DLC
Transcribing agency DLC
Modifying agency DLC
043 ## - GEOGRAPHIC AREA CODE
Geographic area code n-us---
082 00 - DEWEY DECIMAL CLASSIFICATION NUMBER
Classification number WS 105
Edition number 20
Item number In32 1997
100 2# - MAIN ENTRY--PERSONAL NAME
Personal name Gonzalez-Mena, Janet.
9 (RLIN) 10705
245 10 - TITLE STATEMENT
Title Infants, toddlers, and caregivers /
Statement of responsibility, etc. Janet Gonzalez-Mena, Dianne Widmeyer Eyer.
250 ## - EDITION STATEMENT
Edition statement 4th ed.
260 ## - PUBLICATION, DISTRIBUTION, ETC.
Place of publication, distribution, etc. Mountain View, Calif. :
Name of publisher, distributor, etc. Mayfield Pub. Co.,
Date of publication, distribution, etc. c1997.
300 ## - PHYSICAL DESCRIPTION
Extent vii, 280 p. :
Other physical details ill. ;
Dimensions 24 cm.
504 ## - BIBLIOGRAPHY, ETC. NOTE
Bibliography, etc. note Includes bibliographical references (p. 263-272) and index.
650 #0 - SUBJECT ADDED ENTRY--TOPICAL TERM
Topical term or geographic name entry element Child care
Geographic subdivision United States.
9 (RLIN) 10706
650 #0 - SUBJECT ADDED ENTRY--TOPICAL TERM
Topical term or geographic name entry element Child development
Geographic subdivision United States.
9 (RLIN) 10707
650 #0 - SUBJECT ADDED ENTRY--TOPICAL TERM
Topical term or geographic name entry element Education, Preschool
General subdivision Activity programs
Geographic subdivision United States.
9 (RLIN) 10708
700 1# - ADDED ENTRY--PERSONAL NAME
Personal name Eyer, Dianne Widmeyer.
9 (RLIN) 10709
906 ## - LOCAL DATA ELEMENT F, LDF (RLIN)
a 7
b cbc
c orignew
d 1
e ocip
f 19
g y-gencatlg
942 ## - ADDED ENTRY ELEMENTS (KOHA)
Source of classification or shelving scheme Dewey Decimal Classification
Koha item type Books
Holdings
Withdrawn status Lost status Source of classification or shelving scheme Damaged status Not for loan Home library Current library Shelving location Date acquired Inventory number Total Checkouts Full call number Barcode Date last seen Price effective from Koha item type
    Dewey Decimal Classification     Faculty of Public Health Library Faculty of Public Health Library Open Shelves 08/27/2020 712   WS 105 In32 1997 2020-6164 08/27/2020 08/27/2020 Books

Lira University Library | Lira University P.O Box 1035 Lira, Uganda
Tel : +256471660489 E-mail : library@lirauni.ac.ug